| 000 | 00579cam a2200181 i 4500 | ||
|---|---|---|---|
| 005 | 20251123123800.0 | ||
| 008 | 250721s2005 sy gr 000 0 ara d | ||
| 082 | 1 | 4 |
_a211.2 _bح ب ش |
| 100 | 1 |
_aالحبش، محمد _eمؤلف. |
|
| 245 | 1 | 0 |
_aكيف تقرأ القرآن / _cتأليف الدكتور محمد الحبش. |
| 264 | 3 | 1 |
_aدمشق : _bدار العصماء، _c2005. |
| 300 | _a183صفحة. | ||
| 650 | 1 | 7 | _aالتجويد. |
| 650 | 1 | 7 | _aالقرآن الكريم. |
| 650 | 1 | 7 | _aأحكام التجويد. |
| 942 |
_2ddc _cBK |
||
| 999 |
_c97046 _d97046 |
||